| 000 | 00558nam a2200205 a 4500 | ||
|---|---|---|---|
| 001 | BRCA_7146 | ||
| 005 | 20190321142936.0 | ||
| 008 | 110112s1922----gw-#######---#000-0#ger-# | ||
| 041 | _ager | ||
| 044 | _agw | ||
| 050 | 4 | _b.T4 1922 | |
| 100 | 1 |
_aTimmermans, Felix _d1886-1947 _917739 |
|
| 245 | 1 | 0 |
_aPallieter _caus dem flämischen übertragen von Anna Valeton-Hoos. |
| 260 |
_aLeipzig _bIm Insel Verlag _c1922 |
||
| 300 |
_a261 p. _bil. _c20 cm. |
||
| 500 | _aO171 | ||
| 650 | 1 | 4 |
_aValeton, Anna (Hoos) _y1890- _ztr. _917740 |
| 902 | _aGFM | ||
| 942 |
_2lcc _cB |
||
| 999 |
_c6827 _d6827 |
||